000 00388nam a2200121Ia 4500
008 170224s9999 xx 000 0 und d
245 _aBidirectional relationships between trauma exposure and posttraumatic stress: A longitudinal study of Detroit residents.
260 _bJournal of Abnormal Psychology
260 _c2014
300 _a123:3
500 _aAugust
650 _xPsychology.
999 _c316392
_d316392